<?xml version="1.0" encoding="UTF-8"?>
<collection xmlns="http://www.loc.gov/MARC21/slim">
    <record>
        <controlfield tag="001">55582</controlfield>
        <controlfield tag="005">20170831083820.0</controlfield>
        <datafield tag="037" ind1=" " ind2=" ">
            <subfield code="a">GDOC-2015-3182</subfield>
        </datafield>
        <datafield tag="041" ind1=" " ind2=" ">
            <subfield code="a">spa</subfield>
        </datafield>
        <datafield tag="100" ind1=" " ind2=" ">
            <subfield code="0">(orcid)0000-0003-4424-0770</subfield>
            <subfield code="a">Cerezo Bagdasari, Eva Mónica</subfield>
        </datafield>
        <datafield tag="245" ind1="0" ind2="0">
            <subfield code="9">62225</subfield>
            <subfield code="a">Manipulación y análisis de grandes volúmenes de datos</subfield>
        </datafield>
        <datafield tag="260" ind1=" " ind2=" ">
            <subfield code="a">Zaragoza</subfield>
            <subfield code="b">Universidad de Zaragoza</subfield>
            <subfield code="c">2015-2016</subfield>
        </datafield>
        <datafield tag="520" ind1=" " ind2=" ">
            <subfield code="a">En un entorno cada vez más competitivo, el éxito de una entidad pasa por tener la capacidad de obtener, manipular, procesar y analizar grandes volúmenes de datos, tanto propios como externos (heterogéneos). A partir de este análisis, la empresa es capaz tomar sus decisiones basándose en información actual y precisa. Un correcto diseño de la interacción persona-ordenador es clave para facilitar la recogida y obtención de esta información, así como para comunicar y comprender la información generada. Por otra parte, las técnicas y metodologías de computación y procesamiento en este ámbito se centran principalmente en aspectos de paralelismo y computación intensiva. En esta asignatura se realiza un recorrido por todos los aspectos, desde el diseño hasta la manipulación, procesado y análisis, que representan el reto introducido por grandes volúmenes de datos.</subfield>
        </datafield>
        <datafield tag="521" ind1=" " ind2=" ">
            <subfield code="9">683</subfield>
            <subfield code="a">Máster Universitario en Ingeniería Informática</subfield>
        </datafield>
        <datafield tag="540" ind1=" " ind2=" ">
            <subfield code="a">by-nc-sa</subfield>
            <subfield code="b">Creative Commons</subfield>
            <subfield code="c">3.0</subfield>
            <subfield code="u">http://creativecommons.org/licenses/by-nc-sa/3.0/</subfield>
        </datafield>
        <datafield tag="700" ind1=" " ind2=" ">
            <subfield code="0">(orcid)0000-0002-9315-6391</subfield>
            <subfield code="a">Baldassarri , Sandra Silvia</subfield>
        </datafield>
        <datafield tag="700" ind1=" " ind2=" ">
            <subfield code="0">(orcid)0000-0001-6008-1138</subfield>
            <subfield code="a">Trillo Lado, Raquel</subfield>
        </datafield>
        <datafield tag="700" ind1=" " ind2=" ">
            <subfield code="0">(orcid)0000-0002-7073-219X</subfield>
            <subfield code="a">Ilarri Artigas, Sergio</subfield>
        </datafield>
        <datafield tag="830" ind1=" " ind2=" ">
            <subfield code="9">534</subfield>
        </datafield>
        <datafield tag="856" ind1="4" ind2=" ">
            <subfield code="s">101510</subfield>
            <subfield code="u">http://zaguan.unizar.es/record/55582/files/guia.pdf</subfield>
            <subfield code="y">Guía (idioma español)</subfield>
        </datafield>
        <datafield tag="980" ind1=" " ind2=" ">
            <subfield code="a">GDOC</subfield>
            <subfield code="b">Ingeniería y Arquitectura</subfield>
            <subfield code="c">110</subfield>
        </datafield>
    </record>

    
</collection>